=LDR 00000nam 2200000 4500 =001 INLIS000000000025698 =005 20130612124204 =008 ***********************************Ind** =035 ##$$0010-061300000025698 =041 ##$$a Ind =082 ##$$a F.Rom k =090 ##$$a F. Rom k, Rah m =100 ##$$a Rahimsyah =245 ##$$a Macan yang bodoh, Rahimsyah =260 ##$$a 2000 $b Jakarta =300 ##$$a 15 hlm, ilus, 15 cm =650 ##$$a Komik =850 ##$$a NBPNMAT